Zákon o zaměstnanosti a prováděcí předpisy.
Výklad zákona o zamestnanosti platného od 1.2.1991. Zamestnávanie pracovníkov. Problémy zamestnanosti spojené s reorganizáciou. Zamestnávanie občanov so zníženou pracovnou schopnosťou. Kontrolná činnosť úradov práce. Ustanovenia pre súkromných podnikateľov. K problematike rekvalifikácie a jej realiz...
Salvato in:
| Autore principale: | |
|---|---|
| Altri autori: | |
| Natura: | Capitolo di libro |
| Lingua: | ceco |
| Soggetti: | |
| Tags: |
Nessun Tag, puoi essere il primo ad aggiungerne!!
|
MARC
| LEADER | 00000naa a2200000 4500 | ||
|---|---|---|---|
| 001 | r004441 | ||
| 005 | 20221125081330.3 | ||
| 041 | 0 | |a cze | |
| 044 | |a [CS] | ||
| 245 | 1 | 0 | |a Zákon o zaměstnanosti a prováděcí předpisy. |c L. Jouza, M. Kohoutová |
| 520 | |a Výklad zákona o zamestnanosti platného od 1.2.1991. Zamestnávanie pracovníkov. Problémy zamestnanosti spojené s reorganizáciou. Zamestnávanie občanov so zníženou pracovnou schopnosťou. Kontrolná činnosť úradov práce. Ustanovenia pre súkromných podnikateľov. K problematike rekvalifikácie a jej realizácie. Pracovný pomer pri prevode vlastníctva. | ||
| 610 | 2 | 0 | |a zamestnanosť |
| 610 | 2 | 0 | |a zákony |
| 610 | 2 | 0 | |a 1991 |
| 610 | 2 | 0 | |a ČSFR |
| 610 | 2 | 0 | |a rekvalifikácia |
| 610 | 2 | 0 | |a podnik súkromný |
| 610 | 2 | 0 | |a pomer pracovný |
| 610 | 2 | 0 | |a schopnosti pracovné zmenené |
| 100 | 1 | |a Jouza, L. | |
| 700 | 1 | |a Kohoutová, M. | |